000 00629nam a2200241Ia 4500
003 OSt
005 20220918175502.0
006 a|||||r|||| 00| 0
007 ta
008 220917b |||||||| |||| 00| 0 eng d
024 _a17,541
037 _cTextual
040 _aARTS
_cARTS
_beng
041 _2eng
_aeng
082 _aQ8421, K7
100 _aHerbert Jean
_948042
245 0 _aShinto
_b at the fountain head of Japan
260 _aNew York
_bStein and Day
_c1967
300 _a622p. illus
_ccm.
650 _aRELIGION
942 _hQ8421, K7
_cTEXL
_2CC
999 _c157715
_d157715